00874nam a22002417a 45000010005000000030006000050050017000110080041000280200018000690400029000870500014001160820008001301000021001382450074001592600037002333000048002705050008003185200207003265210021005335210020005546500025005747000033005995736FISKH20250117092921.0250117b cb ||||| |||| 00| 0 eng d a9780531186572 aFISKHbengcFISKHdFISKH aQE765.K53 a560 aKittinger, Jo S. aStories in stone :bthe world of animal fossils /cby Jo S. Kittinger aNew York : bScholastic ;c1998. a64 pages :bcolor illustrations ;c22 cm .  aZ  aDescribes the formation and characteristics of animal fossils, including those of trilobites, lobe-finned fishes, and dinosaurs, and explains how they give us information about the history of the earth.8 a1050 bLexile 8 aZ bRaz-Plus  afossilsvnon-fiction aLeMonnier, Joeeillustrator